00000000nam 2200000zi 4500
0019.558283
003CaOODSP
00520210720074504
007cr |||||||||||
008150406s2002    xxc|||||o    f|0| 0 eng d
020 |a0662330676
040 |aCaOODSP|beng
043 |an-cn---
0861 |aCP32-79/39-2002E-PDF|zCP32-79/39-2002E-IN
1001 |aChampagne, François, |eauthor.
24514|aThe ability to manage change in health organizations / |cby François Champagne.
264 1|aSaskatoon, Saskatchewan : |bPrivy Council, |c2002.
300 |a1 online resource (x, 36 pages) : |bfigures.
336 |atext|btxt|2rdacontent
337 |acomputer|bc|2rdamedia
338 |aonline resource|bcr|2rdacarrier
4901 |aDiscussion paper ; |vNo. 39
504 |aIncludes bibliographical references.
590 |a03-06|b2003-02-07
69007|aDecision making|2gcpds
69007|aHealth care system|2gcpds
69007|aManagement|2gcpds
69007|aReform|2gcpds
7101 |aCommission on the Future of Health Care in Canada, |eissuing body.
77508|tLa capacité de gérer le changement dans les organisations de santé / |w(CaOODSP)9.591183
830#0|aDiscussion paper (Commission on the Future of Health Care in Canada)|vNo. 39|w(CaOODSP)9.504497
85640|ahttp://publications.gc.ca|qPDF|s1436 KB|uhttps://publications.gc.ca/collections/Collection/CP32-79-39-2002E.pdf|yNo. 39